| 000 | 01002nam a2200325 i 4500 | ||
|---|---|---|---|
| 003 | EG-GICUC | ||
| 005 | 20260422121905.0 | ||
| 008 | 260422s1967 fr ||fr|||| 00| 0 fre d | ||
| 040 |
_a EG-GICUC _bfre _c EG-GICUC _d EG-GICUC _erda |
||
| 041 | _afre | ||
| 082 | 0 | 4 |
_221 _a343.5 _bVA . A |
| 092 | 0 | 4 | _221 |
| 099 | _aLaw1 10 343.5 VA . A 1933 | ||
| 100 | 1 |
_a Vabres,Donnedieu De _eAuteur |
|
| 245 | 0 | 0 |
_aActes De La Conference / _cDonnedieu De Vabres; M. P. Matter; Vespasien Pella . |
| 264 |
_aParis: _bRecueil Sirey , _c1933. |
||
| 300 |
_a313 صفحة ؛ _c24 سم |
||
| 336 |
_2rda content _atext |
||
| 337 |
_2rda media _aComputer |
||
| 338 |
_2rda carrier _aOnline Resource |
||
| 546 | _aTexte en français | ||
| 650 | 1 |
_aDroit pénal _2qrmak |
|
| 650 | 1 |
_aActes _2qrmak |
|
| 651 | 1 | _2qrmak | |
| 700 | 1 |
_a Matter,M. P. _eAnnotateur |
|
| 700 | 1 |
_a Pella,Vespasien _eAnnotateur |
|
| 856 | 4 | 0 | _uhttps://fll.law.cu.edu.eg/fulltext/bks/B10-10582.pdf |
| 905 | _a72 | ||
| 942 |
_2ddc _n0 _cBK _e21 |
||
| 999 |
_c72812 _d72812 |
||